000 00890nam a2200241Ia 4500
003 GCL
008 140319s9999 xx 000 0 ara d
040 _aGCL /
_cGCL
082 0 4 _a810.8
_bت ف
100 1 _aالتنوخى , القاضى ابوعلى المحسن
245 1 0 _aالفرج بعد الشدة /
_cالتنوخى , القاضى ابوعلى المحسن
700 1 _aمحمد حسن عبدالله
260 _aالقاهرة :
_bمكتبة وهبة ،
_c1993
300 _a444 ص
490 _a
650 0 4 _aالادب العربى
650 0 4 _aالنوادرالعربية
650 0 4 _aالادب الشعبى
650 0 4 _aالنثر العربى - العصر العباسى
650 0 4 _aالبلاغة العربية, العصر العباسى
650 0 4 _aالادب العربى - تاريخ ونقد - العصر العباسى
942 _2ddc
_cBK
999 _c37282
_d37282